[Event "Moscow op-A 17th"]
[Site "Moscow"]
[Date "2021.02.22"]
[Round "3"]
[White "Popov, Maksim1111"]
[Black "Lunin, Aleksey"]
[Result "1-0"]
[WhiteElo "2062"]
[BlackElo "1513"]
[PlyCount "117"]
[EventDate "2021.02.20"]
[EventType "swiss"]
[EventRounds "9"]
[EventCountry "RUS"]
[SourceTitle "CBM 200 Extra"]
[Source "ChessBase"]
[SourceDate "2021.03.31"]
[SourceVersion "1"]
[SourceVersionDate "2021.03.31"]
[SourceQuality "1"]

1. b3 d6 2. Bb2 e5 3. g3 Nc6 4. Bg2 g6 5. e3 Bg7 6. Ne2 f5 7. d4 e4 8. a3 d5 9. c4 Nf6 10. Nf4 Ne7 11. Nc3 c6 12. a4 0-0 13. Ba3 Rf7 14. Bf1 g5 15. Nh5 Nxh5 16. Qxh5 h6 17. Qd1 Be6 18. h4 g4 19. Ne2 Ng6 20. h5 Nf8 21. Nf4 Qd7 22. Rc1 Nh7 23. Be2 Ng5 24. Kf1 a6 25. Kg2 Kh7 26. Qd2 Rc8 27. Rc2 Nh3 28. Ng6 Qd8 29. Kf1 Rd7 30. Qb4 Qg5 31. Qb6 Re8 32. Rxh3 gxh3 33. Nf4 Qf6 34. Nxh3 Bf8 35. Bxf8 Qxf8 36. Nf4 Bf7 37. cxd5 Bxd5 38. Bc4 Qf7 39. Bxd5 cxd5 40. Rc5 Red8 41. Qa5 Rd6 42. Qc3 b6 43. Rc7 R6d7 44. Rc6 Rd6 45. b4 R8d7 46. Rc8 Rd8 47. Rxd8 Rxd8 48. Qc6 b5 49. a5 Rd7 50. Qxa6 Rb7 51. Qc6 Rc7 52. Qxb5 Rc4 53. Qb6 Qc7 54. Qg6+ Kh8 55. Qxh6+ Kg8 56. Qg6+ Qg7 57. Qxf5 Rxb4 58. Qxd5+ Kh8 59. Qxe4 1-0

[Event "Moscow Time of the First U13"]
[Site "Moscow"]
[Date "2019.06.19"]
[Round "4"]
[White "Seredenko, Yury"]
[Black "Lunin, Aleksey"]
[Result "0-1"]
[WhiteElo "1272"]
[BlackElo "1499"]
[PlyCount "58"]
[EventDate "2019.06.17"]
[EventType "swiss"]
[EventRounds "9"]
[EventCountry "RUS"]
[SourceTitle "EXT 2021"]
[Source "ChessBase"]
[SourceDate "2020.10.23"]
[SourceVersion "1"]
[SourceVersionDate "2020.10.23"]
[SourceQuality "1"]

1. b3 d6 2. Bb2 e5 3. e3 g6 4. Nf3 Bg7 5. Be2 Be6 6. 0-0 f5 7. d3 h6 8. Nbd2 Nf6 9. c4 0-0 10. d4 e4 11. Ne1 c6 12. Nc2 Nbd7 13. Rc1 Kh7 14. Ba3 c5 15. b4 b6 16. Rb1 Qc7 17. bxc5 bxc5 18. dxc5 dxc5 19. Nb3 Rfd8 20. Qe1 a5 21. Nd2 Ne5 22. Bb2 Nfg4 23. g3 Nd3 24. Bxd3 Bxb2 25. Bxe4 fxe4 26. Rxb2 Ne5 27. Qe2 Rxd2 28. Qxd2 Nf3+ 29. Kg2 Nxd2 0-1